Normal view
MARC view
- Educación
Entry Materia
001 - NÚMERO DE CONTROL DEL REGISTRO
- campo de control: 11341
003 - IDENTIFICADOR DE NUMERO DE CONTROL
- campo de control: MX-MxUPN
005 - FECHA Y HORA DE LA ÚLTIMA TRANSACCIÓN
- campo de control: 20240923125009.0
008 - DATOS DE LONGITUD FIJA
- campo de control de longitud fija: 221019n||fcnnnbabn a ana |d
035 ## - NÚMERO DE CONTROL DEL SISTEMA
- Número de control del sistema: UPN10000011348
040 ## - FUENTE DE LA CATALOGACIÓN
- Centro catalogador de origen: MX-MxUPN
- Lengua de catalogación: spa
- Agencia de transcripción: MX-MxUPN
150 ## - ENCABEZAMIENTO - TEMÁTICO
- Término de materia o nombre geográfico como elemento inicial: Educación
- Subdivisión de materia general: Leyes y legislación
450 ## - VÉASE - MATERIA
- Encabezamiento temático: Legislación educativa
450 ## - VÉASE - MATERIA
- Encabezamiento temático: Ley de educación
450 ## - VÉASE - MATERIA
- Encabezamiento temático: Ley escolar
670 ## - FUENTE EN LA QUE SE LOCALIZARON DATOS
- Cita de la fuente: DGB UNAM, 19 octubre 2022:
- Información localizada: (encabezamiento: Legislación educativa)
902 ## - CATALOGADOR
- Catalogador: MMA/111096
